Cities Served by Vande Bharat Express on a Transit Map - Statistics

General Stats
  • This quiz has been taken 13 times
  • The average score is 177 of 511
Answers on the Map
Answers color-coded by a green-red scale on the quiz's map according to % correct below.
 
Answer Stats
Route Station % Correct
Anand Vihar Terminal–Ayodhya Cantonment | Dehradun–Anand Vihar Terminal Anand Vihar Terminal
100%
Ajmer–Chandigarh Delhi Cantonment
100%
Amritsar–Delhi Junction Delhi Junction
100%
Habibganj–Hazrat Nizamuddin | Hazrat Nizamuddin–Khajuraho Hazrat Nizamuddin
100%
Howrah–Bhagalpur | Howrah–Gaya | Howrah–New Jalpaiguri | +4 others Howrah Junction
100%
Ahmedabad–Mumbai Central | Mumbai Central–Gandhinagar Capital Mumbai Central
100%
Jalna–Mumbai CSMT | Mumbai CSMT–Madgaon | Mumbai CSMT–Sainagar Shirdi | Mumbai CSMT–Solapur Mumbai CSMT
100%
New Delhi–Amb Andaura | New Delhi–SMDV Katra | New Delhi–Varanasi | +2 others New Delhi
100%
Secunderabad–Tirupati | Secunderabad–Visakhapatnam | Visakhapatnam–Secunderabad Secunderabad Junction
100%
Chennai Egmore–Nagercoil | Chennai Egmore–Tirunelveli Chennai Egmore
92%
MGR Chennai Central–Coimbatore | MGR Chennai Central–Mysuru | MGR Chennai Central–Vijayawada | Mysuru Junction–MGR Chennai MGR Chennai Central
92%
Ahmedabad–Mumbai Central | Ahmedabad–Okha | Mumbai Central–Gandhinagar Capital Ahmedabad Junction
83%
Amritsar–Delhi Junction Amritsar Junction
83%
Agra Cantonment–Banaras Banaras
83%
Coimbatore–Bengaluru Cantonment | Madurai Junction–Bengaluru Cantonment Bangalore Cantonment
83%
Ajmer–Chandigarh | Udaipur City–Jaipur Jaipur Junction
83%
KSR Bengaluru–Dharwad | MGR Chennai Central–Mysuru | Mysuru Junction–MGR Chennai KSR Bengaluru City Jn
83%
Ahmedabad–Okha | Jodhpur–Sabarmati | Sabarmati–Veraval Sabarmati Junction
83%
Kalaburagi–SMVT Bengaluru SMVT Bengaluru
83%
New Delhi–Varanasi | Patna–Gomti Nagar | Ranchi–Varanasi | +2 others Varanasi Junction
83%
KSR Bengaluru–Dharwad | Kacheguda–Yesvantpur Yesvantpur Junction
83%
Agra Cantonment–Banaras | Habibganj–Hazrat Nizamuddin | Hazrat Nizamuddin–Khajuraho | Udaipur City–Agra Cantonment Agra Cantonment
75%
Indore–Nagpur Bhopal Junction
75%
Mangaluru Central–Thiruvananthapuram Ernakulam Junction
75%
Kasaragod–Thiruvananthapuram Ernakulam Town
75%
Patna–Gomti Nagar Gomti Nagar
75%
Anand Vihar Terminal–Ayodhya Cantonment | Gorakhpur–Prayagraj | Meerut City–Lucknow Charbagh Lucknow Charbagh
75%
Lucknow–Dehradun Lucknow Junction
75%
Habibganj–Hazrat Nizamuddin | Habibganj–Rewa Rani Kamalapati (Habibganj)
75%
Jammu Tawi–Srinagar | Srinagar-Jammu Tawi Srinagar
75%
Ahmedabad–Mumbai Central | Mumbai Central–Gandhinagar Capital Surat
75%
Bhubaneswar–Visakhapatnam | Durg–Visakhapatnam | Secunderabad–Visakhapatnam | Visakhapatnam–Secunderabad Visakhapatnam Junction
75%
Ajmer–Chandigarh | New Delhi–Amb Andaura Chandigarh Junction
67%
Indore–Nagpur Indore Junction
67%
Jammu Tawi–Srinagar | New Delhi–SMDV Katra | SMVD Katra–New Delhi | Srinagar-Jammu Tawi Jammu Tawi
67%
Mangaluru Central–Madgaon | Mangaluru Central–Thiruvananthapuram Mangalore Central
67%
Gorakhpur–Patliputra Patliputra Junction
67%
New Jalpaiguri–Patna | Patna–Gomti Nagar | Patna–Howrah | +3 others Patna Junction
67%
Mumbai CSMT–Solapur | SCSMT Kolhapur–Pune | SSS Hubballi–Pune Pune Junction
67%
Kasaragod–Thiruvananthapuram | Mangaluru Central–Thiruvananthapuram Thiruvananthapuram Central
67%
Jodhpur–Sabarmati Jodhpur
58%
Agra Cantonment–Banaras | Anand Vihar Terminal–Ayodhya Cantonment | New Delhi–Varanasi | Varanasi–New Delhi Kanpur Central
58%
Bilaspur–Nagpur | Indore–Nagpur | Nagpur–Secunderabad Nagpur Junction
58%
Ahmedabad–Okha | Sabarmati–Veraval Rajkot Junction
58%
Udaipur City–Agra Cantonment | Udaipur City–Jaipur Udaipur City
58%
Ahmedabad–Mumbai Central | Mumbai Central–Gandhinagar Capital Vadodara Junction
58%
Coimbatore–Bengaluru Cantonment | MGR Chennai Central–Coimbatore Coimbatore Junction
50%
Howrah–Puri | Puri–Rourkela | Tatanagar–Brahmapur Cuttack Junction
50%
Dehradun–Anand Vihar Terminal | Lucknow–Dehradun Dehradun
50%
New Jalpaiguri–Guwahati Guwahati
50%
Kasaragod–Thiruvananthapuram | Mangaluru Central–Thiruvananthapuram Kozhikode
50%
Amritsar–Delhi Junction | New Delhi–SMDV Katra | SMVD Katra–New Delhi Ludhiana Junction
50%
Chennai Egmore–Nagercoil | Chennai Egmore–Tirunelveli | Madurai Junction–Bengaluru Cantonment Madurai Junction
50%
Dehradun–Anand Vihar Terminal | Meerut City–Lucknow Charbagh Meerut City Junction
50%
MGR Chennai Central–Mysuru | Mysuru Junction–MGR Chennai Mysuru Junction
50%
Agra Cantonment–Banaras | Gorakhpur–Prayagraj | New Delhi–Varanasi | Varanasi–New Delhi Prayagraj Junction
50%
Bilaspur–Nagpur | Durg–Visakhapatnam Raipur Junction
50%
Howrah–Rourkela | Patna–Tatanagar | Ranchi–Howrah | +2 others Tatanagar Junction
50%
Jalna–Mumbai CSMT | Mumbai CSMT–Madgaon | Mumbai CSMT–Sainagar Shirdi | Mumbai CSMT–Solapur Thane
50%
Chennai Egmore–Nagercoil | Chennai Egmore–Tirunelveli | Madurai Junction–Bengaluru Cantonment Tiruchchirappalli Junction
50%
Jalna–Mumbai CSMT Aurangabad
42%
Lucknow–Dehradun | Meerut City–Lucknow Charbagh Bareilly Junction
42%
Bhubaneswar–Visakhapatnam | Howrah–Puri | Puri–Rourkela | Tatanagar–Brahmapur Bhubaneswar
42%
Howrah–Gaya Dhanbad Junction
42%
Jalna–Mumbai CSMT | Mumbai CSMT–Sainagar Shirdi | Mumbai CSMT–Solapur Kalyan Junction
42%
Udaipur City–Agra Cantonment Kota Junction
42%
MGR Chennai Central–Vijayawada | Secunderabad–Tirupati Nellore
42%
Howrah–New Jalpaiguri | New Jalpaiguri–Guwahati | New Jalpaiguri–Patna New Jalpaiguri Junction
42%
Howrah–Puri | Puri–Rourkela Puri
42%
Patna–Ranchi | Ranchi–Howrah | Ranchi–Varanasi Ranchi Junction
42%
Coimbatore–Bengaluru Cantonment | MGR Chennai Central–Coimbatore | Madurai Junction–Bengaluru Cantonment Salem Junction
42%
Howrah–Gaya | Patna–Howrah Asansol Junction
33%
Anand Vihar Terminal–Ayodhya Cantonment Ayodhya Cantt. Junction
33%
Gorakhpur–Prayagraj | Patna–Gomti Nagar Ayodhya Junction
33%
Mumbai Central–Gandhinagar Capital Gandhinagar Capital
33%
Ajmer–Chandigarh Gurgaon
33%
Habibganj–Rewa Jabalpur Junction
33%
Amritsar–Delhi Junction Jalandhar Cantonment
33%
Jalna–Mumbai CSMT | Mumbai CSMT–Sainagar Shirdi Nashik Road
33%
Dehradun–Anand Vihar Terminal Saharanpur Junction
33%
Mumbai CSMT–Solapur Solapur
33%
KSR Bengaluru–Dharwad | SSS Hubballi–Pune SSS Hubballi Junction
33%
Ahmedabad–Mumbai Central | Mumbai Central–Gandhinagar Capital Vapi
33%
MGR Chennai Central–Vijayawada | Secunderabad–Visakhapatnam | Visakhapatnam–Secunderabad Vijayawada Junction
33%
Secunderabad–Visakhapatnam | Visakhapatnam–Secunderabad Warangal
33%
Ajmer–Chandigarh | Udaipur City–Jaipur Ajmer Junction
25%
Ajmer–Chandigarh | Amritsar–Delhi Junction | New Delhi–Amb Andaura | +2 others Ambala Cantt. Jn
25%
Mumbai Central–Gandhinagar Capital Anand Junction
25%
Howrah–Gaya | Patna–Howrah Durgapur
25%
Bilaspur–Nagpur | Durg–Visakhapatnam Durg Junction
25%
Coimbatore–Bengaluru Cantonment | MGR Chennai Central–Coimbatore Erode Junction
25%
Gorakhpur–Patliputra | Gorakhpur–Prayagraj Gorakhpur Junction
25%
Habibganj–Hazrat Nizamuddin | Hazrat Nizamuddin–Khajuraho Gwalior Junction
25%
Dehradun–Anand Vihar Terminal | Lucknow–Dehradun Haridwar
25%
Coimbatore–Bengaluru Cantonment Hosur
25%
Kasaragod–Thiruvananthapuram | Mangaluru Central–Thiruvananthapuram Kannur
25%
Hazrat Nizamuddin–Khajuraho Khajuraho Junction
25%
Howrah–Puri | Howrah–Rourkela | Ranchi–Howrah Kharagpur Junction
25%
Kasaragod–Thiruvananthapuram | Mangaluru Central–Thiruvananthapuram Kollam Junction
25%
Mangaluru Central–Madgaon | Mumbai CSMT–Madgaon Madgaon Junction
25%
Lucknow–Dehradun | Meerut City–Lucknow Charbagh Moradabad Junction
25%
Dehradun–Anand Vihar Terminal Muzaffarnagar
25%
New Jalpaiguri–Guwahati New Cooch Behar Junction
25%
MGR Chennai Central–Vijayawada | Secunderabad–Tirupati Ongole
25%
Mumbai CSMT–Madgaon Panvel Junction
25%
Mumbai CSMT–Madgaon Ratnagiri
25%
SCSMT Kolhapur–Pune | SSS Hubballi–Pune Satara
25%
Kasaragod–Thiruvananthapuram | Mangaluru Central–Thiruvananthapuram Thrissur
25%
Chennai Egmore–Nagercoil | Chennai Egmore–Tirunelveli Tirunelveli Junction
25%
Secunderabad–Tirupati Tirupati
25%
Coimbatore–Bengaluru Cantonment | MGR Chennai Central–Coimbatore Tiruppur
25%
Indore–Nagpur Ujjain Junction
25%
Jodhpur–Sabarmati Abu Road
17%
Mangaluru Central–Thiruvananthapuram Alappuzha
17%
New Delhi–Amb Andaura Amb Andaura
17%
New Delhi–Amb Andaura Anandpur Sahib
17%
Kacheguda–Yesvantpur | Kalaburagi–SMVT Bengaluru Anantapur
17%
Puri–Rourkela Angul
17%
Patna–Howrah Bakhtiyarpur Junction
17%
Howrah–Puri Balasore
17%
Jammu Tawi–Srinagar | Srinagar-Jammu Tawi Banihal
17%
Gorakhpur–Patliputra Bapudham Motihari
17%
Howrah–New Jalpaiguri Barsoi Junction
17%
Gorakhpur–Prayagraj Basti
17%
Amritsar–Delhi Junction Beas Junction
17%
Indore–Nagpur Betul
17%
Howrah–Puri Bhadrak
17%
Howrah–Bhagalpur Bhagalpur Junction
17%
Bilaspur–Nagpur Bilaspur Junction
17%
Patna–Tatanagar | Ranchi–Varanasi Bokaro Steel City
17%
Howrah–Bhagalpur | Howrah–New Jalpaiguri Bolpur Shantiniketan
17%
Ahmedabad–Mumbai Central | Mumbai Central–Gandhinagar Capital Borivali
17%
Bhubaneswar–Visakhapatnam | Tatanagar–Brahmapur Brahmapur
17%
Tatanagar–Brahmapur Chaibasa
17%
Howrah–Rourkela Chakradharpur
17%
Udaipur City–Agra Cantonment Chanderiya
17%
Patna–Tatanagar | Ranchi–Howrah | Tatanagar–Patna Chandil Junction
17%
Nagpur–Secunderabad Chandrapur
17%
Kasaragod–Thiruvananthapuram Chengannur
17%
Jalna–Mumbai CSMT | Mumbai CSMT–Madgaon | Mumbai CSMT–Sainagar Shirdi | Mumbai CSMT–Solapur Dadar Central
17%
Tatanagar–Patna Daltonganj
17%
Dehradun–Anand Vihar Terminal Deoband
17%
Varanasi–Deoghar Deoghar Junction
17%
Kacheguda–Yesvantpur Dharmavaram Junction
17%
KSR Bengaluru–Dharwad | SSS Hubballi–Pune Dharwad
17%
Puri–Rourkela Dhenkanal
17%
Chennai Egmore–Nagercoil | Chennai Egmore–Tirunelveli | Madurai Junction–Bengaluru Cantonment Dindigul Junction
17%
Howrah–Bhagalpur Dumka
17%
Ahmedabad–Okha Dwarka
17%
Agra Cantonment–Banaras Etawah Junction
17%
Udaipur City–Agra Cantonment Gangapur City
17%
Howrah–Gaya | Patna–Ranchi | Patna–Tatanagar | +3 others Gaya Junction
17%
Kalaburagi–SMVT Bengaluru Guntakal Junction
17%
Howrah–Bhagalpur Hansdiha
17%
Habibganj–Rewa | Indore–Nagpur Itarsi Junction
17%
Howrah–Puri Jajpur Keonjhar Road
17%
Jalna–Mumbai CSMT Jalna
17%
Ahmedabad–Okha Jamnagar
17%
Patna–Howrah Jamtara
17%
Patna–Howrah | Varanasi–Deoghar Jasidih Junction
17%
Puri–Rourkela Jharsuguda Junction
17%
Kalaburagi–SMVT Bengaluru Kalaburagi Junction
17%
New Jalpaiguri–Guwahati Kamakhya Junction
17%
Gorakhpur–Patliputra Kaptanganj Junction
17%
Madurai Junction–Bengaluru Cantonment Karur Junction
17%
Mangaluru Central–Madgaon Karwar
17%
Kasaragod–Thiruvananthapuram | Mangaluru Central–Thiruvananthapuram Kasaragod
17%
MGR Chennai Central–Mysuru | Mysuru Junction–MGR Chennai Katpadi Junction
17%
Nagpur–Secunderabad Kazipet Junction
17%
Bhubaneswar–Visakhapatnam | Howrah–Puri | Puri–Rourkela | Tatanagar–Brahmapur Khurda Road Junction
17%
New Jalpaiguri–Patna Kishanganj
17%
Udaipur City–Jaipur Kishangarh
17%
Varanasi–Deoghar Kiul Junction
17%
Howrah–Gaya | Patna–Ranchi | Patna–Tatanagar | Ranchi–Varanasi Koderma Junction
17%
New Jalpaiguri–Guwahati Kokrajhar
17%
Ranchi–Howrah Kotshila Junction
17%
Kasaragod–Thiruvananthapuram Kottayam
17%
Chennai Egmore–Nagercoil Kovilpatti
17%
Madurai Junction–Bengaluru Cantonment | Mysuru Junction–MGR Chennai Krishnarajapuram
17%
Hazrat Nizamuddin–Khajuraho Lalitpur Junction
17%
Habibganj–Rewa Maihar
17%
Howrah–New Jalpaiguri Malda Town
17%
Mysuru Junction–MGR Chennai Mandya
17%
Jalna–Mumbai CSMT Manmad Junction
17%
Kalaburagi–SMVT Bengaluru Mantralayam Road
17%
Udaipur City–Agra Cantonment | Udaipur City–Jaipur Mavli Junction
17%
Hazrat Nizamuddin–Khajuraho MCS Chhatarpur
17%
SMVD Katra–New Delhi MCTM Udhampur
17%
SCSMT Kolhapur–Pune | SSS Hubballi–Pune Miraj Junction
17%
Patna–Howrah Mokama Junction
17%
Patna–Tatanagar | Ranchi–Howrah | Ranchi–Varanasi | Tatanagar–Patna Muri Junction
17%
Gorakhpur–Patliputra Muzaffarpur Junction
17%
Chennai Egmore–Nagercoil Nagercoil Junction
17%
Secunderabad–Tirupati Nalgonda
17%
Madurai Junction–Bengaluru Cantonment Namakkal
17%
Varanasi–Deoghar Nawada
17%
New Jalpaiguri–Guwahati New Alipurduar
17%
New Jalpaiguri–Guwahati New Bongaigaon Junction
17%
Patna–Tatanagar NSCB Gomoh Jn
17%
Ahmedabad–Okha Okha
17%
Bhubaneswar–Visakhapatnam Palasa
17%
Jodhpur–Sabarmati Pali Marwar
17%
Patna–Gomti Nagar | Ranchi–Varanasi | Varanasi–Deoghar Pandit Deen Dayal Upadhyaya Junction
17%
Howrah–Gaya | Patna–Tatanagar Parasnath
17%
New Jalpaiguri–Patna | Patna–Howrah Patna Sahib
17%
Amritsar–Delhi Junction Phagwara Junction
17%
Ranchi–Howrah Purulia Junction
17%
Gorakhpur–Prayagraj Rae Bareli Junction
17%
Kalaburagi–SMVT Bengaluru Raichur Junction
17%
Secunderabad–Visakhapatnam | Visakhapatnam–Secunderabad Rajahmundry
17%
Bilaspur–Nagpur Raj Nandgaon
17%
Howrah–Bhagalpur Rampurhat Junction
17%
Udaipur City–Agra Cantonment | Udaipur City–Jaipur Rana Pratap Nagar
17%
Durg–Visakhapatnam Rayagada
17%
MGR Chennai Central–Vijayawada Renigunta Junction
17%
Habibganj–Rewa Rewa Terminal
17%
Dehradun–Anand Vihar Terminal Roorkee
17%
Howrah–Rourkela | Puri–Rourkela Rourkela Junction
17%
Mumbai CSMT–Sainagar Shirdi Sainagar Shirdi Terminus
17%
Secunderabad–Visakhapatnam | Visakhapatnam–Secunderabad Samalkot Junction
17%
Puri–Rourkela Sambalpur City
17%
SCSMT Kolhapur–Pune | SSS Hubballi–Pune Sangli
17%
Ranchi–Varanasi | Varanasi–Deoghar Sasaram Junction
17%
Habibganj–Rewa Satna Junction
17%
Udaipur City–Agra Cantonment Sawai Madhopur Junction
17%
Kasaragod–Thiruvananthapuram | Mangaluru Central–Thiruvananthapuram Shoranur Junction
17%
Jammu Tawi–Srinagar | New Delhi–SMDV Katra | SMVD Katra–New Delhi | Srinagar-Jammu Tawi Shri Mata Vaishno Devi Katra
17%
Bhubaneswar–Visakhapatnam Srikakulam Road
17%
Ahmedabad–Okha | Sabarmati–Veraval Surendranagar Junction
17%
Puri–Rourkela Talcher Road
17%
Chennai Egmore–Nagercoil | Chennai Egmore–Tirunelveli Tambaram
17%
MGR Chennai Central–Vijayawada Tenali Junction
17%
Hazrat Nizamuddin–Khajuraho Tikamgarh
17%
Mangaluru Central–Thiruvananthapuram Tirur
17%
Durg–Visakhapatnam Titlagarh Junction
17%
KSR Bengaluru–Dharwad Tumkur
17%
Agra Cantonment–Banaras Tundla Junction
17%
Mangaluru Central–Madgaon Udupi
17%
Sabarmati–Veraval Veraval Junction
17%
Habibganj–Hazrat Nizamuddin | Hazrat Nizamuddin–Khajuraho Virangana Lakshmibai Jhansi Jn
17%
Bhubaneswar–Visakhapatnam | Durg–Visakhapatnam Vizianagaram Junction
17%
Ajmer–Chandigarh Alwar Junction
8%
Patna–Gomti Nagar Ara Junction
8%
Gorakhpur–Patliputra Bagaha
8%
Nagpur–Secunderabad Balharshah
8%
Bhubaneswar–Visakhapatnam | Tatanagar–Brahmapur Balugaon
8%
Tatanagar–Brahmapur Banspani
8%
Howrah–Bhagalpur Barahat Junction
8%
Patna–Ranchi | Tatanagar–Patna Barkakana Junction
8%
New Jalpaiguri–Patna Begusarai
8%
SSS Hubballi–Pune Belagavi
8%
Gorakhpur–Patliputra Bettiah
8%
Udaipur City–Jaipur Bhilwara
8%
Udaipur City–Jaipur Bijainagar
8%
Udaipur City–Agra Cantonment Bundi
8%
Patna–Gomti Nagar Buxar
8%
Udaipur City–Jaipur Chittaurgarh Junction
8%
KSR Bengaluru–Dharwad Davangere
8%
Coimbatore–Bengaluru Cantonment Dharmapuri
8%
Secunderabad–Visakhapatnam Eluru
8%
Jodhpur–Sabarmati Falna
8%
Tatanagar–Patna Garhwa Road Jn
8%
Bilaspur–Nagpur Gondia Junction
8%
Secunderabad–Tirupati Guntur Junction
8%
Gorakhpur–Patliputra Hajipur Junction
8%
Tatanagar–Brahmapur Harichandanpur
8%
Patna–Ranchi Hazaribagh Town
8%
Bhubaneswar–Visakhapatnam Ichchapuram
8%
Tatanagar–Brahmapur Jakhapura Junction
8%
Sabarmati–Veraval Junagadh Junction
8%
Kacheguda–Yesvantpur Kacheguda
8%
Mumbai CSMT–Madgaon Kankavali
8%
Durg–Visakhapatnam Kantabanji
8%
SCSMT Kolhapur–Pune Karad
8%
SMVD Katra–New Delhi Kathua
8%
New Jalpaiguri–Patna Katihar Junction
8%
Habibganj–Rewa Katni Junction
8%
Tatanagar–Brahmapur Kendujhargarh
8%
Durg–Visakhapatnam Kesinga
8%
New Jalpaiguri–Patna Khagaria Junction
8%
Secunderabad–Visakhapatnam | Visakhapatnam–Secunderabad Khammam
8%
Durg–Visakhapatnam Khariar Road
8%
Mumbai CSMT–Madgaon Khed
8%
SCSMT Kolhapur–Pune Kirloskarvadi
8%
Mumbai CSMT–Solapur Kurduwadi Jn
8%
Kacheguda–Yesvantpur Kurnool City
8%
Patna–Howrah Lakhisarai Junction
8%
Durg–Visakhapatnam Mahasamund
8%
Kacheguda–Yesvantpur Mahbubnagar
8%
Jodhpur–Sabarmati Mahesana Junction
8%
Howrah–Bhagalpur Mandar Hill
8%
Patna–Ranchi Mesra
8%
Gorakhpur–Patliputra Narkatiaganj Junction
8%
Habibganj–Rewa | Indore–Nagpur Narmadapuram
8%
Habibganj–Rewa Narsinghpur
8%
New Jalpaiguri–Patna Naugachia
8%
Howrah–Bhagalpur Nonihat Bhaturia
8%
Jodhpur–Sabarmati Palanpur Junction
8%
Durg–Visakhapatnam Parvathipuram
8%
Habibganj–Rewa Pipariya
8%
Puri–Rourkela Rairakhol
8%
Nagpur–Secunderabad Ramagundam
8%
Ajmer–Chandigarh Rewari Junction
8%
Gorakhpur–Patliputra Sagauli Junction
8%
SCSMT Kolhapur–Pune SCSMT Kolhapur
8%
Nagpur–Secunderabad Secunderabad Junction
8%
Nagpur–Secunderabad Sewagram Junction
8%
Tatanagar–Patna Son Nagar Junction
8%
Mumbai CSMT–Madgaon Thivim
8%
New Delhi–Amb Andaura Una Himachal
8%
Chennai Egmore–Nagercoil | Chennai Egmore–Tirunelveli Villupuram Junction
8%
Ahmedabad–Okha | Sabarmati–Veraval Viramgam Junction
8%
Chennai Egmore–Tirunelveli Virudhunagar Junction
8%
Ahmedabad–Okha | Sabarmati–Veraval Wankaner Junction
8%
Kalaburagi–SMVT Bengaluru Yadgir
8%
Kalaburagi–SMVT Bengaluru Yelahanka Junction
8%
No matching quizzes found
Score Distribution
Percent of People with Each Score
Percentile by Number Answered
Your Score History
You have not taken this quiz